Panduan untuk pengusaha tadika
| Main Author: | |
|---|---|
| Format: | Book |
| Published: |
Kuala Lumpur :
PTS Professional Publishing Sdn. Bhd. ,
2006
|
MARC
| LEADER | 00000cam a2200000 7i4500 | ||
|---|---|---|---|
| 001 | 0000062244 | ||
| 005 | 20160405.0 | ||
| 008 | 160405 | ||
| 020 | |a 9789833585571 | ||
| 020 | |a 9833585574 | ||
| 090 | 0 | 0 | |a 372.2109595 |b SAA |
| 100 | 1 | |a Saayah Abu | |
| 245 | 0 | 0 | |a Panduan untuk pengusaha tadika |c Saayah Abu |
| 260 | |a Kuala Lumpur : |b PTS Professional Publishing Sdn. Bhd. , |c 2006 | ||
| 999 | |a 0000941182 |b Book |c Adult Collection |e Cawangan Taman Sri Lambak | ||